Alaska Airlines fleet (variants) - Statistics

General Stats
  • This quiz has been taken 44 times
  • The average score is 6 of 7
Answer Stats
Hint Answer % Correct
Boeing 737-700
94%
Boeing 737-800
94%
Boeing 737-900
94%
Embraer E175
88%
Boeing 737 MAX 8
81%
Boeing 737 MAX 9
81%
Boeing 737-900ER
72%
No matching quizzes found
Score Distribution
Percent of People with Each Score
Percentile by Number Answered
Your Score History
You have not taken this quiz